[Event "TCh-FRA Top 16 GpB"]
[Site "Montpellier"]
[Date "2007.04.29"]
[Round "5.5"]
[White "Flear, Glenn C"]
[Black "Reinhart, Emmanuel"]
[Result "1-0"]
[WhiteElo "2476"]
[BlackElo "2299"]
[PlyCount "115"]
[EventDate "2007.05.??"]
[EventType "team"]
[EventRounds "11"]
[EventCountry "FRA"]
[SourceDate "2007.01.01"]
[WhiteTeam "Montpellier"]
[BlackTeam "Strasbourg"]
[WhiteTeamCountry "FRA"]
[BlackTeamCountry "FRA"]

1. d4 d5 2. c4 c6 3. Nc3 dxc4 4. e4 b5 5. a4 b4 6. Na2 Nf6 7. e5 Nd5 8. Bxc4 e6
9. Nf3 Be7 10. Bd2 a5 11. Nc1 Nd7 12. Nb3 Bb7 13. O-O O-O 14. Bd3 Ba6 15. Bxa6
Rxa6 16. Qe2 Ra8 17. Rfc1 Qb6 18. Bg5 Rac8 19. Bxe7 Nxe7 20. Ng5 h6 21. Ne4 Nf5
22. Rd1 Rc7 23. Rac1 Rd8 24. g4 Ne7 25. f4 Nf8 26. Nd6 Nc8 27. Nc4 Qa6 28. Rd2
Rd5 29. Ne3 Qxe2 30. Rxe2 Rdd7 31. Rd2 Ng6 32. f5 Nf4 33. Rc5 Nb6 34. Rxa5 Nfd5
35. Nxd5 Rxd5 36. Rxd5 cxd5 37. Nc5 Nc4 38. Re2 Rc6 39. b3 Na5 40. fxe6 fxe6
41. Rf2 Rc8 42. h4 Re8 43. h5 Nc6 44. Rf4 Re7 45. Kf2 Nd8 46. Ke3 Nc6 47. Rf2
Na5 48. Rf1 Rf7 49. Rb1 Re7 50. Na6 Rb7 51. Rf1 Rb6 52. Nc5 Rc6 53. Rf3 Rc8 54.
Kd2 Rc6 55. Kd1 Rb6 56. Nd7 Rc6 57. Rf8+ Kh7 58. Ra8 {Cf8+,Cg6,Tf8#} 1-0

[Event "TCh-FRA Top 16 GpB"]
[Site "Montpellier"]
[Date "2007.04.29"]
[Round "5.6"]
[White "Roos, Jean Luc"]
[Black "Marzolo, Cyril"]
[Result "0-1"]
[WhiteElo "2294"]
[BlackElo "2459"]
[PlyCount "69"]
[EventDate "2007.05.??"]
[EventType "team"]
[EventRounds "11"]
[EventCountry "FRA"]
[SourceDate "2007.01.01"]
[WhiteTeam "Strasbourg"]
[BlackTeam "Montpellier"]
[WhiteTeamCountry "FRA"]
[BlackTeamCountry "FRA"]

1. d4 Nf6 2. c4 g6 3. Nf3 Bg7 4. g3 O-O 5. Bg2 d6 6. O-O Nbd7 7. Nc3 e5 8. h3
Re8 9. e4 exd4 10. Nxd4 a6 11. Re1 Rb8 12. Bf4 Ne5 13. Bf1 Bd7 14. a4 Qc8 15.
Kh2 h5 16. Ra3 c6 17. Nf3 Qc7 18. a5 b5 19. cxb5 cxb5 20. b4 Rbc8 21. Bg5 Nfg4+
22. Kg2 Nxf3 23. Qxf3 Bxc3 24. Rc1 Ne5 25. Qxc3 Bxh3+ 26. Kg1 Qd7 27. Qb2 Bxf1
28. Kxf1 Qh3+ 29. Kg1 Rxc1+ 30. Qxc1 Ng4 31. Qd2 Qh2+ 32. Kf1 Rxe4 33. Be3 d5
34. Rd3 Re6 35. Rd4 0-1

[Event "TCh-FRA Top 16 GpB"]
[Site "Montpellier"]
[Date "2007.04.29"]
[Round "5.7"]
[White "Libiszewski, Fabien"]
[Black "Roos, Louis"]
[Result "0-1"]
[WhiteElo "2486"]
[BlackElo "2345"]
[PlyCount "90"]
[EventDate "2007.05.??"]
[EventType "team"]
[EventRounds "11"]
[EventCountry "FRA"]
[SourceDate "2007.01.01"]
[WhiteTeam "Montpellier"]
[BlackTeam "Strasbourg"]
[WhiteTeamCountry "FRA"]
[BlackTeamCountry "FRA"]

1. e4 e6 2. d4 d5 3. Nc3 dxe4 4. Nxe4 Nd7 5. Bd3 Ngf6 6. Qe2 Nxe4 7. Bxe4 Nf6
8. Bxb7 Rb8 9. Bxc8 Qxc8 10. Nf3 c5 11. O-O cxd4 12. Nxd4 Bc5 13. Rd1 O-O 14.
Nb3 Bb6 15. Bg5 Qc6 16. Rd3 Ne4 17. Be3 Bxe3 18. Qxe3 Nf6 19. Nd4 Qc7 20. b3
Nd5 21. Nxe6 Nxe3 22. Nxc7 Nxc2 23. Rad1 Nb4 24. R3d2 g6 25. a3 Rb7 26. Rd7 Nc2
27. b4 Nxa3 28. Na6 Rb6 29. Rxa7 Nb5 30. Rdd7 Nxa7 31. Rxa7 Rd8 32. h4 Rd1+ 33.
Kh2 Ra1 34. b5 Rxb5 35. Nc7 Rba5 36. Rb7 Kf8 37. Rb3 R1a3 38. Rb1 Rc5 39. Rb8+
Ke7 40. Rb7 Kd8 41. Nb5 Rd3 42. Rb8+ Kd7 43. Na7 Rdd5 44. Rf8 Rf5 45. f3 Rc7
0-1

[Event "TCh-FRA Top 16 GpB"]
[Site "Montpellier"]
[Date "2007.04.29"]
[Round "5.8"]
[White "Roos, Louise"]
[Black "Flear, Christine"]
[Result "0-1"]
[WhiteElo "1948"]
[BlackElo "2168"]
[PlyCount "44"]
[EventDate "2007.05.??"]
[EventType "team"]
[EventRounds "11"]
[EventCountry "FRA"]
[SourceDate "2007.01.01"]
[WhiteTeam "Strasbourg"]
[BlackTeam "Montpellier"]
[WhiteTeamCountry "FRA"]
[BlackTeamCountry "FRA"]

1. e4 c5 2. Nf3 e6 3. d4 cxd4 4. Nxd4 a6 5. Nc3 Qc7 6. Bd3 g6 7. O-O Bg7 8.
Nce2 Nf6 9. f4 Nc6 10. c3 b5 11. Nxc6 dxc6 12. f5 Ng4 13. Ng3 Qb6+ 14. Kh1 Nf2+
15. Rxf2 Qxf2 16. a4 O-O 17. axb5 cxb5 18. Bxb5 exf5 19. exf5 Bb7 20. Bf1 Rfe8
21. Bg5 Bf8 22. Qd7 Bc5 0-1

[Event "TCh-FRA Top 16 GpB"]
[Site "Montpellier"]
[Date "2007.04.29"]
[Round "5.1"]
[White "Bunzmann, Dimitrij"]
[Black "Postny, Evgeny"]
[Result "0-1"]
[WhiteElo "2525"]
[BlackElo "2622"]
[PlyCount "73"]
[EventDate "2007.05.??"]
[EventType "team"]
[EventRounds "11"]
[EventCountry "FRA"]
[SourceDate "2007.01.01"]
[WhiteTeam "Drancy"]
[BlackTeam "Metz"]
[WhiteTeamCountry "FRA"]
[BlackTeamCountry "FRA"]

1. d4 d5 2. c4 c6 3. Nc3 Nf6 4. cxd5 cxd5 5. Bf4 Nc6 6. e3 a6 7. Bd3 Bg4 8.
Nge2 e6 9. O-O Be7 10. Bg3 O-O 11. f3 Bh5 12. Nf4 Bg6 13. Nxg6 hxg6 14. Qe2 Rc8
15. Rac1 Nd7 16. Bf2 Nb6 17. Bb1 Qd7 18. g3 Rc7 19. Kg2 Rfc8 20. h4 Na7 21. Rc2
Bb4 22. Be1 Nc4 23. Nd1 Bxe1 24. Rxe1 Qe7 25. a3 e5 26. dxe5 Qxe5 27. Ba2 Nb5
28. Kh2 Nbd6 29. Nf2 Nf5 30. f4 Qxe3 31. Qxe3 Nfxe3 32. Rce2 d4 33. g4 Nd6 34.
Bb3 Rc1 35. Kg3 Rxe1 36. Rxe1 Ndc4 37. Re2 0-1

[Event "TCh-FRA Top 16 GpB"]
[Site "Montpellier"]
[Date "2007.04.29"]
[Round "5.2"]
[White "Eingorn, Vereslav S"]
[Black "Komarov, Dimitri"]
[Result "1-0"]
[WhiteElo "2588"]
[BlackElo "2539"]
[PlyCount "109"]
[EventDate "2007.05.??"]
[EventType "team"]
[EventRounds "11"]
[EventCountry "FRA"]
[SourceDate "2007.01.01"]
[WhiteTeam "Metz"]
[BlackTeam "Drancy"]
[WhiteTeamCountry "FRA"]
[BlackTeamCountry "FRA"]

1. c4 Nf6 2. Nf3 e6 3. d4 b6 4. g3 Ba6 5. b3 Bb4+ 6. Bd2 Be7 7. Nc3 O-O 8. Rc1
c6 9. e4 d5 10. e5 Ne4 11. Bd3 Nxd2 12. Qxd2 Bb7 13. O-O Na6 14. cxd5 cxd5 15.
Qb2 Nb4 16. Bb1 Ba6 17. Rfd1 Rc8 18. a3 Nc6 19. b4 Bc4 20. Bd3 Bxd3 21. Rxd3
Qd7 22. Ne2 Rc7 23. Rdc3 Rfc8 24. Qc2 Bd8 25. Qd3 Nb8 26. b5 Rxc3 27. Rxc3 Rxc3
28. Nxc3 Be7 29. a4 Qc7 30. Ne2 Nd7 31. h4 Bb4 32. Kf1 Nf8 33. h5 h6 34. Ne1
Bxe1 35. Kxe1 Nd7 36. Qc3 Qxc3+ 37. Nxc3 f6 38. exf6 Nxf6 39. Na2 Nxh5 40. Nb4
Nf6 41. Nc6 Kf7 42. Nxa7 Nd7 43. Nc6 g5 44. g4 Kf6 45. Ke2 e5 46. Nxe5 Nxe5 47.
dxe5+ Kxe5 48. Kd3 Ke6 49. Kc3 Ke5 50. Kb4 Ke4 51. a5 bxa5+ 52. Kxa5 d4 53. Kb4
Kd5 54. b6 Kc6 55. Kc4 1-0

[Event "TCh-FRA Top 16 GpB"]
[Site "Montpellier"]
[Date "2007.04.29"]
[Round "5.3"]
[White "Karr, Jean Philippe"]
[Black "Gladyszev, Oleg"]
[Result "1/2-1/2"]
[WhiteElo "2409"]
[BlackElo "2485"]
[PlyCount "103"]
[EventDate "2007.05.??"]
[EventType "team"]
[EventRounds "11"]
[EventCountry "FRA"]
[SourceDate "2007.01.01"]
[WhiteTeam "Drancy"]
[BlackTeam "Metz"]
[WhiteTeamCountry "FRA"]
[BlackTeamCountry "FRA"]

1. d4 Nf6 2. c4 g6 3. Nc3 Bg7 4. e4 d6 5. Nf3 O-O 6. Be2 e5 7. O-O Nc6 8. d5
Ne7 9. b4 Nh5 10. Re1 Nf4 11. Bf1 a5 12. bxa5 Rxa5 13. a4 c5 14. Ra3 Ra6 15.
Nb5 Bd7 16. Bxf4 exf4 17. Qc1 Be5 18. g3 fxg3 19. hxg3 Bg7 20. e5 dxe5 21. Nxe5
Bxb5 22. cxb5 Rd6 23. Bg2 Nxd5 24. Qxc5 Re8 25. Nf3 Rxe1+ 26. Nxe1 b6 27. Qc4
Nc7 28. Rd3 Bd4 29. Bc6 Ne6 30. Kg2 Qg5 31. Nf3 Qg4 32. Kf1 Qh3+ 33. Ke2 Bc5
34. Rxd6 Bxd6 35. Bd5 Nd8 36. Bxf7+ Nxf7 37. Qxf7+ Kxf7 38. Ng5+ Kf6 39. Nxh3
h5 40. f4 Ke6 41. Ng5+ Kd5 42. Nf3 Ke6 43. Nd4+ Kd5 44. Kd3 h4 45. gxh4 Bxf4
46. Ne2 Bd6 47. Ke3 Ke5 48. Kf3 Kf5 49. Ng3+ Ke5 50. Kg4 Kd5 51. Ne2 Ke4 52.
Nc3+ 1/2-1/2

[Event "TCh-FRA Top 16 GpB"]
[Site "Montpellier"]
[Date "2007.04.29"]
[Round "5.4"]
[White "Koch, Jean Rene"]
[Black "Legky, Nikolay A"]
[Result "1-0"]
[WhiteElo "2451"]
[BlackElo "2465"]
[PlyCount "91"]
[EventDate "2007.05.??"]
[EventType "team"]
[EventRounds "11"]
[EventCountry "FRA"]
[SourceDate "2007.01.01"]
[WhiteTeam "Metz"]
[BlackTeam "Drancy"]
[WhiteTeamCountry "FRA"]
[BlackTeamCountry "FRA"]

1. e4 e6 2. d3 d5 3. Nd2 c5 4. g3 Nc6 5. Bg2 Nf6 6. Ngf3 b6 7. O-O Bb7 8. Re1
Qc7 9. c3 Be7 10. Qe2 d4 11. cxd4 cxd4 12. Nc4 b5 13. Bf4 Qd8 14. Nce5 Nh5 15.
Nxc6 Nxf4 16. Qc2 Qb6 17. Nxe7 Nxg2 18. Rec1 f5 19. Kxg2 fxe4 20. dxe4 d3 21.
Qxd3 Kxe7 22. Qc3 Rhf8 23. Qxg7+ Rf7 24. Qe5 Rc8 25. Rxc8 Bxc8 26. Rc1 Bd7 27.
Nd4 Kf8 28. Qh8+ Ke7 29. Qe5 Kf8 30. b4 Qa6 31. Rc2 Qa3 32. Qc5+ Ke8 33. Nb3
Qa6 34. f3 Qb7 35. Qe5 Qa6 36. Rd2 Qa3 37. Qb8+ Ke7 38. Qd6+ Ke8 39. f4 Re7 40.
h4 Kf7 41. Qc5 Qa6 42. Qh5+ Kf8 43. Nc5 Qc6 44. Qh6+ Ke8 45. Qf6 Rf7 46. Qh8+
1-0

[Event "TCh-FRA Top 16 GpB"]
[Site "Montpellier"]
[Date "2007.04.29"]
[Round "5.5"]
[White "Salaun, Yann"]
[Black "Neiman, Emmanuel"]
[Result "0-1"]
[WhiteElo "2336"]
[BlackElo "2386"]
[PlyCount "122"]
[EventDate "2007.05.??"]
[EventType "team"]
[EventRounds "11"]
[EventCountry "FRA"]
[SourceDate "2007.01.01"]
[WhiteTeam "Drancy"]
[BlackTeam "Metz"]
[WhiteTeamCountry "FRA"]
[BlackTeamCountry "FRA"]

1. d4 d5 2. c4 e6 3. Nf3 Nf6 4. Bg5 Be7 5. e3 O-O 6. Nc3 h6 7. Bxf6 Bxf6 8. Qc2
c6 9. Rd1 Nd7 10. Be2 Qe7 11. O-O dxc4 12. Bxc4 Nb6 13. Bb3 e5 14. Qe4 exd4 15.
exd4 Qxe4 16. Nxe4 Be7 17. Ne5 Nd5 18. Rfe1 Bb4 19. Re2 Be6 20. f3 Rad8 21. g3
Nc7 22. Re3 Rfe8 23. Kf2 f5 24. Nc3 Bxb3 25. axb3 Bxc3 26. bxc3 Nd5 27. Red3
Nxc3 28. Rxc3 Rxe5 29. dxe5 Rxd1 30. f4 Kf7 31. Ke3 Re1+ 32. Kd4 g5 33. Kc5 Ke7
34. Rd3 Rc1+ 35. Kd4 Rh1 36. g4 Rf1 37. fxg5 hxg5 38. gxf5 Rf4+ 39. Kc3 Rxf5
40. Rh3 Ke6 41. Rh7 Rf3+ 42. Kd4 Rxb3 43. Rh6+ Kf7 44. Ke4 Rb4+ 45. Kf5 Rh4 46.
Rf6+ Ke7 47. Rg6 Rh7 48. Rxg5 a5 49. h4 a4 50. Rg8 b5 51. Ra8 Rh5+ 52. Ke4
Rxh4+ 53. Kf5 Rh5+ 54. Ke4 Ke6 55. Re8+ Kd7 56. Ra8 Kc7 57. Ra7+ Kb6 58. Ra8
Kc5 59. Ra6 Rh4+ 60. Kf5 Rh5+ 61. Ke4 Rh1 0-1

[Event "TCh-FRA Top 16 GpB"]
[Site "Montpellier"]
[Date "2007.04.29"]
[Round "5.6"]
[White "Pucher, Olivier"]
[Black "Giffard, Nicolas"]
[Result "0-1"]
[WhiteElo "2315"]
[BlackElo "2379"]
[PlyCount "82"]
[EventDate "2007.05.??"]
[EventType "team"]
[EventRounds "11"]
[EventCountry "FRA"]
[SourceDate "2007.01.01"]
[WhiteTeam "Metz"]
[BlackTeam "Drancy"]
[WhiteTeamCountry "FRA"]
[BlackTeamCountry "FRA"]

1. d4 Nf6 2. c4 e6 3. Nc3 Bb4 4. e3 O-O 5. Nge2 d5 6. a3 Be7 7. cxd5 exd5 8. b4
a6 9. Ng3 Re8 10. Bd3 c6 11. O-O Nbd7 12. Qb3 Nf8 13. a4 Bd6 14. f3 Qc7 15.
Nce2 h5 16. Rf2 h4 17. Nf1 Be6 18. Nc3 Qe7 19. Rb2 N8d7 20. Qd1 Bxb4 21. Na2
Ba5 22. Rxb7 Qd8 23. Ba3 Qc8 24. Rab1 c5 25. dxc5 Nxc5 26. Bxc5 Qxc5 27. Qc1
Qd6 28. Qb2 Nd7 29. Qd4 Nc5 30. R7b2 Nxd3 31. Qxd3 Rac8 32. Nb4 Rc4 33. Nc2
Rxa4 34. Nd4 Ra3 35. Qe2 Bd7 36. f4 Bc3 37. Rb6 Qc5 38. Nf3 Bb5 39. R6xb5 axb5
40. Ng5 Qc6 41. Rxb5 Bf6 0-1

[Event "TCh-FRA Top 16 GpB"]
[Site "Montpellier"]
[Date "2007.04.29"]
[Round "5.8"]
[White "Leclair, Marie"]
[Black "Wolfangel, Florence"]
[Result "1-0"]
[WhiteElo "2024"]
[BlackElo "1983"]
[PlyCount "75"]
[EventDate "2007.05.??"]
[EventType "team"]
[EventRounds "11"]
[EventCountry "FRA"]
[SourceDate "2007.01.01"]
[WhiteTeam "Metz"]
[BlackTeam "Drancy"]
[WhiteTeamCountry "FRA"]
[BlackTeamCountry "FRA"]

1. e4 e6 2. d4 d5 3. Nd2 Nf6 4. e5 Nfd7 5. f4 c5 6. c3 Nc6 7. Ndf3 a5 8. Bd3 a4
9. Ne2 a3 10. b3 cxd4 11. cxd4 Nb4 12. Bb1 g6 13. g4 Qa5 14. Kf2 b6 15. f5 Ba6
16. fxe6 fxe6 17. Nf4 O-O-O 18. Nxe6 Re8 19. Neg5 Nc6 20. Bd2 Qb5 21. Bc3 Ndxe5
22. dxe5 Qc5+ 23. Bd4 Nxd4 24. Qxd4 Qxd4+ 25. Nxd4 Bc5 26. Ngf3 Rxe5 27. Kg2
Re3 28. Rd1 Rf8 29. Rd2 Kb7 30. Bc2 Bb4 31. Rf2 Bc3 32. Rd1 Rf4 33. h3 Kc7 34.
b4 Bxb4 35. Bb3 Bc4 36. Rc1 Bc3 37. Bxc4 dxc4 38. Rxc3 1-0

[Event "TCh-FRA Top 16 GpB"]
[Site "Montpellier"]
[Date "2007.04.30"]
[Round "6.1"]
[White "Wojtaszek, Radoslaw"]
[Black "Adams, Michael"]
[Result "1/2-1/2"]
[WhiteElo "2620"]
[BlackElo "2734"]
[PlyCount "53"]
[EventDate "2007.05.??"]
[EventType "team"]
[EventRounds "11"]
[EventCountry "FRA"]
[SourceDate "2007.01.01"]
[WhiteTeam "Mulhouse"]
[BlackTeam "Paris Chess 15"]
[WhiteTeamCountry "FRA"]
[BlackTeamCountry "FRA"]

1. d4 Nf6 2. c4 e6 3. Nf3 b6 4. g3 Ba6 5. Qc2 Bb7 6. Bg2 c5 7. d5 exd5 8. cxd5
Nxd5 9. Qb3 Nf6 10. Ne5 d5 11. Nc3 Nc6 12. Nxc6 Bxc6 13. Bg5 Be7 14. Rd1 O-O
15. O-O Qe8 16. Bxf6 Bxf6 17. Nxd5 Ba4 18. Nxf6+ gxf6 19. Qc3 Bxd1 20. Bxa8
Bxe2 21. Qxf6 Qd8 22. Qf5 Bxf1 23. Be4 Re8 24. Qxh7+ Kf8 25. Qh8+ Ke7 26. Qe5+
Kf8 27. Qh8+ 1/2-1/2

[Event "TCh-FRA Top 16 GpB"]
[Site "Montpellier"]
[Date "2007.04.30"]
[Round "6.4"]
[White "Bacrot, Etienne"]
[Black "Riff, Jean Noel"]
[Result "1-0"]
[WhiteElo "2709"]
[BlackElo "2468"]
[PlyCount "60"]
[EventDate "2007.05.??"]
[EventType "team"]
[EventRounds "11"]
[EventCountry "FRA"]
[SourceDate "2007.01.01"]
[WhiteTeam "Paris Chess 15"]
[BlackTeam "Mulhouse"]
[WhiteTeamCountry "FRA"]
[BlackTeamCountry "FRA"]

1. Nf3 Nf6 2. c4 e6 3. g3 Be7 4. Bg2 O-O 5. O-O d5 6. d4 Nbd7 7. Qc2 dxc4 8.
Qxc4 a6 9. Qc2 Ra7 10. Rd1 b6 11. Ne5 Nb8 12. e4 Bb7 13. Be3 Nfd7 14. Nc4 Ba8
15. Nc3 Qe8 16. a3 Nc6 17. Rac1 Nd8 18. b4 Nb7 19. e5 Nd8 20. d5 exd5 21. Nxd5
Ne6 22. f4 f5 23. Qb3 Rf7 24. Na5 Bf8 25. Nc6 Bxc6 26. Rxc6 Kh8 27. Nf6 gxf6
28. Rxe6 Re7 29. Rxe7 Qxe7 30. Bc6 Qd8 1-0

[Event "TCh-FRA Top 16 GpB"]
[Site "Montpellier"]
[Date "2007.04.30"]
[Round "6.6"]
[White "Fridman, Daniel"]
[Black "Bricard, Emmanuel"]
[Result "1-0"]
[WhiteElo "2635"]
[BlackElo "2472"]
[PlyCount "69"]
[EventDate "2007.05.??"]
[EventType "team"]
[EventRounds "11"]
[EventCountry "FRA"]
[SourceDate "2007.01.01"]
[WhiteTeam "Paris Chess 15"]
[WhiteTeamCountry "FRA"]
[BlackTeamCountry "FRA"]

1. d4 d6 2. e4 g6 3. Nf3 Bg7 4. c4 Nf6 5. Nc3 O-O 6. Be2 e5 7. O-O Nc6 8. d5
Ne7 9. Ne1 Nd7 10. Be3 f5 11. f3 f4 12. Bf2 g5 13. Rc1 Ng6 14. Nd3 Rf7 15. c5
Nf6 16. Qb3 h5 17. cxd6 cxd6 18. Nb5 g4 19. Nxa7 Bd7 20. Bb6 Qe7 21. Rc7 g3 22.
Rxb7 Nh7 23. Kh1 Qh4 24. Bg1 Ng5 25. Rc1 Nh3 26. gxh3 Bxh3 27. Ne1 Qg5 28. hxg3
fxg3 29. Rxf7 Bf1 30. Bxf1 Qh4+ 31. Kg2 Kxf7 32. Qb7+ Kf6 33. Nd3 Rf8 34. Qd7
Qg5 35. Ra1 1-0

[Event "TCh-FRA Top 16 GpB"]
[Site "Montpellier"]
[Date "2007.04.30"]
[Round "6.8"]
[White "Martsynovskaya, Marina"]
[Black "Muller, Anne"]
[Result "1-0"]
[WhiteElo "2227"]
[BlackElo "2187"]
[PlyCount "145"]
[EventDate "2007.05.??"]
[EventType "team"]
[EventRounds "11"]
[EventCountry "FRA"]
[SourceDate "2007.01.01"]
[WhiteTeam "Paris Chess 15"]
[BlackTeam "Mulhouse"]
[WhiteTeamCountry "FRA"]
[BlackTeamCountry "FRA"]

1. e4 c5 2. Nf3 d6 3. d4 cxd4 4. Nxd4 Nf6 5. Nc3 Nc6 6. Bg5 e6 7. Qd2 Be7 8.
Be2 O-O 9. O-O-O Nxd4 10. Qxd4 Qa5 11. f4 Bd7 12. e5 dxe5 13. fxe5 Bc6 14. Bd3
Nd5 15. Bxe7 Nxe7 16. Rhe1 Ng6 17. g3 Rac8 18. h4 Rfd8 19. Qe3 b5 20. a3 b4 21.
axb4 Qxb4 22. h5 Nf8 23. h6 Qg4 24. hxg7 Qxg7 25. Qxa7 Ra8 26. Qe3 Ng6 27. Qg5
Rdc8 28. Bxg6 hxg6 29. Rd6 Bf3 30. Re3 Bb7 31. Red3 Bg2 32. b4 Rab8 33. Rd8+
Rxd8 34. Rxd8+ Rxd8 35. Qxd8+ Kh7 36. Qd4 Qf8 37. Kb2 Kg7 38. Nb5 Qa8 39. Nd6
g5 40. b5 Qf3 41. Qc3 Qf2 42. Qc7 Qd4+ 43. Ka3 Qa1+ 44. Kb4 Qb2+ 45. Ka5 Qa3+
46. Kb6 Qe3+ 47. Ka6 Qa3+ 48. Qa5 Qxg3 49. b6 g4 50. Qb4 Bf3 51. Ne4 Bxe4 52.
Qxe4 Qa3+ 53. Kb5 Qb2+ 54. Kc6 Qc3+ 55. Kd7 Qf3 56. Qc6 Qxc6+ 57. Kxc6 g3 58.
b7 g2 59. b8=Q g1=Q 60. c4 Qd4 61. c5 Qe4+ 62. Kd7 Qd5+ 63. Qd6 Qb7+ 64. Qc7
Qb5+ 65. c6 Kg6 66. Ke8 f5 67. Qf7+ Kg5 68. Qxe6 f4 69. Kf7 f3 70. c7 f2 71.
Qf6+ Kh5 72. c8=Q f1=Q 73. Qch8+ 1-0

[Event "TCh-FRA Top 16 GpB"]
[Site "Montpellier"]
[Date "2007.04.30"]
[Round "6.2"]
[White "Fressinet, Laurent"]
[Black "Chabanon, Jean Luc"]
[Result "1-0"]
[WhiteElo "2644"]
[BlackElo "2426"]
[PlyCount "91"]
[EventDate "2007.05.??"]
[EventType "team"]
[EventRounds "11"]
[EventCountry "FRA"]
[SourceDate "2007.01.01"]
[WhiteTeam "Clichy"]
[WhiteTeamCountry "FRA"]
[BlackTeamCountry "FRA"]

1. e4 c6 2. d4 d5 3. e5 Bf5 4. Nf3 e6 5. Be2 Nd7 6. O-O h6 7. Nbd2 Ne7 8. c3 a6
9. Nb3 Qc7 10. Bd2 Nc8 11. Nh4 Be4 12. f3 Bh7 13. f4 Be7 14. Be1 g5 15. fxg5
hxg5 16. Bh5 Bg8 17. Qf3 gxh4 18. Bxf7+ Kd8 19. Bxg8 Rxg8 20. Qf7 Re8 21. Qxe6
a5 22. Qg4 a4 23. Nc1 a3 24. b3 Nxe5 25. dxe5 Qxe5 26. Bxh4 Bxh4 27. Qxh4+ Kc7
28. Qd4 Nd6 29. Nd3 Qxd4+ 30. cxd4 Nb5 31. Rf4 Nc3 32. Rf7+ Kb6 33. Nc5 Ne2+
34. Kf1 Nxd4 35. Rc1 Ra7 36. Na4+ Ka5 37. h4 Re3 38. Nc5 Ne6 39. Re7 Nxc5 40.
Rxe3 b6 41. h5 d4 42. Rh3 Rf7+ 43. Ke1 Re7+ 44. Kf1 Rf7+ 45. Kg1 Kb5 46. h6 1-0

[Event "TCh-FRA Top 16 GpB"]
[Site "Montpellier"]
[Date "2007.04.30"]
[Round "6.3"]
[White "Bergez, Luc"]
[Black "Apicella, Manuel"]
[Result "0-1"]
[WhiteElo "2398"]
[BlackElo "2555"]
[PlyCount "94"]
[EventDate "2007.05.??"]
[EventType "team"]
[EventRounds "11"]
[EventCountry "FRA"]
[SourceDate "2007.01.01"]
[WhiteTeam "Evry"]
[BlackTeam "Clichy"]
[WhiteTeamCountry "FRA"]
[BlackTeamCountry "FRA"]

1. d4 e6 2. c4 Bb4+ 3. Nd2 f5 4. g3 Nf6 5. Bg2 O-O 6. Nh3 c5 7. a3 Bxd2+ 8.
Qxd2 cxd4 9. Qxd4 Nc6 10. Qd6 a5 11. b3 Ra6 12. O-O Qb6 13. Qd1 d6 14. Rb1 Qc7
15. b4 axb4 16. axb4 Ne5 17. b5 Ra2 18. b6 Qxc4 19. Qxd6 Qxe2 20. Ba3 Re8 21.
Nf4 Nf7 22. Nxe2 Nxd6 23. Bxd6 Rxe2 24. Rfc1 Nd5 25. Bxd5 exd5 26. Rc7 d4 27.
Rb4 f4 28. Kg2 fxg3 29. hxg3 d3 30. Rd4 Bf5 31. Bf4 Be4+ 32. Kh3 Rxf2 33. Kg4
Bf3+ 34. Kh3 Be4 35. Kg4 Bf3+ 36. Kh3 Rf1 37. g4 Be4 38. Bd2 Rf3+ 39. Kh4 h6
40. g5 hxg5+ 41. Bxg5 Bf5 42. Be7 Ra8 43. Rxb7 Ra1 44. Kh5 Rg1 45. Bg5 Rh3+ 46.
Rh4 d2 47. Rb8+ Kh7 0-1

[Event "TCh-FRA Top 16 GpB"]
[Site "Montpellier"]
[Date "2007.04.30"]
[Round "6.5"]
[White "Marcelin, Cyril"]
[Black "Tregubov, Pavel V"]
[Result "1/2-1/2"]
[WhiteElo "2493"]
[BlackElo "2615"]
[PlyCount "64"]
[EventDate "2007.05.??"]
[EventType "team"]
[EventRounds "11"]
[EventCountry "FRA"]
[SourceDate "2007.01.01"]
[WhiteTeam "Evry"]
[BlackTeam "Clichy"]
[WhiteTeamCountry "FRA"]
[BlackTeamCountry "FRA"]

1. d4 Nf6 2. c4 c5 3. d5 b5 4. cxb5 a6 5. bxa6 g6 6. Nc3 Bxa6 7. g3 d6 8. Bg2
Bg7 9. Nf3 Nbd7 10. Rb1 O-O 11. O-O Qa5 12. Qc2 Nb6 13. Nd2 Bb7 14. Rd1 Nfd7
15. a3 c4 16. e4 Rfc8 17. Nf3 Nc5 18. Be3 Nba4 19. Nxa4 Qxa4 20. Qxa4 Nxa4 21.
Bd4 Ba6 22. Bf1 c3 23. Bxa6 Rxa6 24. bxc3 Bxd4 25. Rxd4 Nxc3 26. Re1 Rxa3 27.
Kg2 Ra4 28. Rc1 Rxd4 29. Nxd4 Rc5 30. Nb3 Rc7 31. Kf3 Kg7 32. Ke3 Nb5 1/2-1/2

[Event "TCh-FRA Top 16 GpB"]
[Site "Montpellier"]
[Date "2007.04.30"]
[Round "6.6"]
[White "Edouard, Romain"]
[Black "Brochet, Philippe"]
[Result "1/2-1/2"]
[WhiteElo "2447"]
[BlackElo "2392"]
[PlyCount "120"]
[EventDate "2007.05.??"]
[EventType "team"]
[EventRounds "11"]
[EventCountry "FRA"]
[SourceDate "2007.01.01"]
[WhiteTeam "Clichy"]
[WhiteTeamCountry "FRA"]
[BlackTeamCountry "FRA"]

1. e4 c5 2. Nf3 e6 3. d4 cxd4 4. Nxd4 Nf6 5. Nc3 Nc6 6. Ndb5 Bc5 7. Bf4 O-O 8.
Bc7 Qe7 9. Bd6 Bxd6 10. Qxd6 Ne8 11. Qxe7 Nxe7 12. O-O-O f5 13. Nd6 Nxd6 14.
Rxd6 fxe4 15. Nxe4 Nf5 16. Rd2 d5 17. Ng5 b6 18. Nf3 Nd6 19. Bd3 Bd7 20. Re1
Rf6 21. Rde2 Re8 22. Ne5 Bb5 23. Bxb5 Nxb5 24. Nc6 Kf7 25. a4 Nd6 26. f3 g5 27.
b3 a5 28. Re3 Nb7 29. c4 Rc8 30. Ne5+ Ke7 31. Kb2 dxc4 32. Nxc4 Rc6 33. R1e2
Nc5 34. Rc3 Rf5 35. Rec2 Nd7 36. Ne3 Rfc5 37. Rxc5 Nxc5 38. Rc3 Kd6 39. Rc4 b5
40. axb5 Rb6 41. Ka3 Rxb5 42. Rc3 Ke5 43. Nc2 h5 44. Ka2 Kd5 45. Re3 h4 46. Rc3
e5 47. Re3 Rb8 48. Ka3 h3 49. gxh3 Rh8 50. b4 axb4+ 51. Kxb4 Rh4+ 52. Kb5 Ne6
53. Ra3 Nd4+ 54. Nxd4 Kxd4 55. Kc6 Rxh3 56. Ra4+ Ke3 57. Kd5 Rxh2 58. Kxe5 Kxf3
59. Kf5 Rg2 60. Ra3+ Kf2 1/2-1/2

[Event "TCh-FRA Top 16 GpB"]
[Site "Montpellier"]
[Date "2007.04.30"]
[Round "6.8"]
[White "Milliet, Sophie"]
[Black "Leroy, Didier"]
[Result "1/2-1/2"]
[WhiteElo "2406"]
[BlackElo "2305"]
[PlyCount "60"]
[EventDate "2007.05.??"]
[EventType "team"]
[EventRounds "11"]
[EventCountry "FRA"]
[SourceDate "2007.01.01"]
[WhiteTeam "Clichy"]
[WhiteTeamCountry "FRA"]
[BlackTeamCountry "FRA"]

1. e4 c5 2. Nc3 a6 3. Nf3 d6 4. d4 cxd4 5. Nxd4 Nf6 6. Bg5 b5 7. Qf3 Bb7 8.
Bxf6 gxf6 9. O-O-O e6 10. Qh5 Qc8 11. Be2 b4 12. Nd5 exd5 13. exd5 Nd7 14. Bg4
Qc7 15. Ne6 Qa5 16. Rhe1 Ne5 17. f4 Rg8 18. fxe5 dxe5 19. d6 Bxd6 20. Rxd6 b3
21. c3 bxa2 22. Kd2 a1=Q 23. Rxa1 Qxa1 24. Nc7+ Kf8 25. Qh6+ Rg7 26. Rd7 Qxb2+
27. Kd1 Qb1+ 28. Kd2 Qb2+ 29. Kd1 Qb1+ 30. Kd2 Qb2+ 1/2-1/2

[Event "TCh-FRA Top 16 GpB"]
[Site "Montpellier"]
[Date "2007.04.30"]
[Round "6.1"]
[White "Doettling, Fabian"]
[Black "Bunzmann, Dimitrij"]
[Result "1/2-1/2"]
[WhiteElo "2539"]
[BlackElo "2525"]
[PlyCount "42"]
[EventDate "2007.05.??"]
[EventType "team"]
[EventRounds "11"]
[EventCountry "FRA"]
[SourceDate "2007.01.01"]
[WhiteTeam "Strasbourg"]
[BlackTeam "Drancy"]
[WhiteTeamCountry "FRA"]
[BlackTeamCountry "FRA"]

1. d4 e6 2. Nf3 Nf6 3. c4 c5 4. d5 d6 5. Nc3 exd5 6. cxd5 g6 7. e4 Bg7 8. h3
O-O 9. Bd3 Re8 10. O-O c4 11. Bxc4 Nxe4 12. Nxe4 Rxe4 13. Bg5 Bf6 14. Qc2 Re8
15. Rae1 Nd7 16. Rxe8+ Qxe8 17. Re1 Qd8 18. Qd2 Bxg5 19. Nxg5 Nf6 20. Qf4 h6
21. Nf3 Kg7 1/2-1/2